Atlas de Anatomía. Con correlación clínica (Registro nro. 543)

Detalles MARC
000 -CABECERA
campo de control de longitud fija 00691nam a2200253Ia 4500
003 - IDENTIFICADOR DEL NÚMERO DE CONTROL
campo de control AR-RoIUNI
005 - FECHA Y HORA DE LA ÚLTIMA TRANSACCIÓN
campo de control 20241122062556.0
008 - DATOS DE LONGITUD FIJA--INFORMACIÓN GENERAL
campo de control de longitud fija 150616s9999 xx 000 0 und d
020 ## - NÚMERO INTERNACIONAL ESTÁNDAR DEL LIBRO
Número Internacional Estándar del Libro 9788498351279
040 ## - FUENTE DE LA CATALOGACIÓN
Centro/agencia transcriptor AR-RoIUNI
040 ## - FUENTE DE LA CATALOGACIÓN
Centro/agencia modificador OCLC
080 ## - NÚMERO DE LA CLASIFICACIÓN DECIMAL UNIVERSAL
Número de la Clasificación Decimal Universal 611.9 ATL
100 1# - ENTRADA PRINCIPAL--NOMBRE DE PERSONA
Nombre de persona Kahle, Werner; Frotscher, Michael
245 1# - MENCIÓN DE TÍTULO
Título Atlas de Anatomía. Con correlación clínica
Mención de responsabilidad, etc. Il.: Gerhard Spitzer
Número de parte o sección de la obra Tomo 3
Nombre de parte o sección de la obra Sistema nervioso y órganos de los sentidos
250 ## - MENCIÓN DE EDICIÓN
Mención de edición 9a. ed.
260 ## - PUBLICACIÓN, DISTRIBUCIÓN, ETC. (PIE DE IMPRENTA)
Lugar de publicación, distribución, etc. Buenos Aires; Madrid
260 ## - PUBLICACIÓN, DISTRIBUCIÓN, ETC. (PIE DE IMPRENTA)
Nombre del editor, distribuidor, etc. Médica Panamericana
260 ## - PUBLICACIÓN, DISTRIBUCIÓN, ETC. (PIE DE IMPRENTA)
Fecha de publicación, distribución, etc. 2008
300 ## - DESCRIPCIÓN FÍSICA
Extensión 423 p.
300 ## - DESCRIPCIÓN FÍSICA
Dimensiones 19 cm.
650 10 - PUNTO DE ACCESO ADICIONAL DE MATERIA--TÉRMINO DE MATERIA
Término de materia o nombre geográfico como elemento inicial Medicina
9 (RLIN) 58
650 10 - PUNTO DE ACCESO ADICIONAL DE MATERIA--TÉRMINO DE MATERIA
9 (RLIN) 115
Término de materia o nombre geográfico como elemento inicial Anatomía
942 ## - ELEMENTOS DE PUNTO DE ACCESO ADICIONAL (KOHA)
Tipo de ítem Koha Libros
Fuente del sistema de clasificación o colocación Clasificación Decimal Universal
Existencias
Estado de retiro Estado de pérdida Fuente del sistema de clasificación o colocación Estado dañado Excepción de préstamo Código de colección Localización permanente Ubicación/localización actual Ubicación en estantería Fecha de adquisición Número de inventario Total de préstamos Renovaciones totales Signatura topográfica completa Código de barras Fecha visto por última vez Fecha del último préstamo Precio válido a partir de Tipo de ítem Koha
    Clasificación Decimal Universal     Medicina BIBLIOTECA CENTRAL BIBLIOTECA CENTRAL BIBLIOTECA CENTRAL 16/06/2015 544 6 10 611.9 ATL 544c 09/09/2024 09/09/2024 16/06/2015 Libros